[Event "Cappelle op 27th"]
[Site "Cappelle la Grande"]
[Date "2011.02.28"]
[Round "4"]
[White "Tikkanen, Hans"]
[Black "Vozovic, Oksana"]
[Result "1-0"]
[WhiteElo "2550"]
[BlackElo "2341"]
[PlyCount "65"]
[EventDate "2011.02.26"]
[EventType "swiss"]
[EventRounds "9"]
[EventCountry "FRA"]
[SourceTitle "CBM 141 Extra"]
[Source "ChessBase"]
[SourceDate "2011.05.03"]
[SourceVersion "1"]
[SourceVersionDate "2011.05.03"]
[SourceQuality "1"]

1. d4 d6 2. c4 Nf6 3. Nf3 g6 4. Nc3 Bg7 5. e4 0-0 6. Be2 e5 7. 0-0 Nc6 8. d5 Ne7 9. Ne1 Nd7 10. Nd3 f5 11. Bd2 Nf6 12. f3 f4 13. c5 g5 14. cxd6 cxd6 15. Nf2 Ng6 16. Qc2 h5 17. h3 Nh4 18. Nb5 Rf7 19. Rac1 Bf8 20. Nc7 Rb8 21. Ne6 Bxe6 22. dxe6 Rg7 23. Qb3 Kh7 24. Rfd1 Qe7 25. Ba5 b6 26. Bb4 Rd8 27. Rc6 Ne8 28. Rdc1 Rg6 29. Bb5 Rf6 30. R6c2 Qxe6 31. Qxe6 Rxe6 32. Rc8 Rxc8 33. Rxc8 1-0

[Event "Cappelle op 27th"]
[Site "Cappelle la Grande"]
[Date "2011.02.27"]
[Round "2"]
[White "Thirion, Marcel"]
[Black "Vozovic, Oksana"]
[Result "0-1"]
[WhiteElo "2130"]
[BlackElo "2341"]
[PlyCount "112"]
[EventDate "2011.02.26"]
[EventType "swiss"]
[EventRounds "9"]
[EventCountry "FRA"]
[SourceTitle "CBM 141 Extra"]
[Source "ChessBase"]
[SourceDate "2011.05.03"]
[SourceVersion "1"]
[SourceVersionDate "2011.05.03"]
[SourceQuality "1"]

1. d4 g6 2. c4 Bg7 3. e4 d6 4. Nc3 Nd7 5. Be2 e5 6. d5 a5 7. h4 Ngf6 8. h5 gxh5 9. Bg5 h6 10. Bh4 Nf8 11. Bxh5 Ng6 12. Bxf6 Bxf6 13. g3 Bd7 14. Bg4 a4 15. Qf3 Bxg4 16. Qxg4 c6 17. 0-0-0 Be7 18. Kb1 Qa5 19. Nge2 Qc5 20. f4 exf4 21. gxf4 Qxc4 22. f5 Ne5 23. Qg7 0-0-0 24. f6 Rhg8 25. Qh7 Bxf6 26. Qf5+ Nd7 27. dxc6 Qxc6 28. Nd5 Kb8 29. Rc1 Qb5 30. Nxf6 Qxf5 31. exf5 Nxf6 32. Rxh6 Ne4 33. Rh7 Rd7 34. Nf4 d5 35. Re1 Nd2+ 36. Kc2 Nf3 37. Rd1 d4 38. f6 Rg4 39. Nd3 Rg6 40. Rf1 Rc7+ 41. Kd1 Rg3 42. Rg7 Ng5 43. Ne1 a3 44. bxa3 Rc5 45. Rh1 Rxa3 46. Rh8+ Ka7 47. Rh5 Raa5 48. Rh4 Rxa2 49. Rxd4 Re5 50. Nc2 Ne6 51. Rdg4 Rd5+ 52. Kc1 Rc5 53. Rg2 Nd4 54. Rxf7 Rcxc2+ 55. Rxc2 Rxc2+ 56. Kb1 Rf2 0-1

[Event "Kharkov Rector Cup (Women) 10th"]
[Site "Kharkov"]
[Date "2008.02.29"]
[Round "4"]
[White "Vozovic, Oksana"]
[Black "Shapoval, Galina"]
[Result "0-1"]
[WhiteElo "2327"]
[BlackElo "2216"]
[PlyCount "86"]
[EventDate "2008.02.27"]
[EventType "tourn"]
[EventRounds "9"]
[EventCountry "UKR"]
[SourceTitle "CBM 123 Extra"]
[Source "ChessBase"]
[SourceDate "2008.05.06"]
[SourceVersion "1"]
[SourceVersionDate "2008.05.06"]
[SourceQuality "1"]

1. e4 c5 2. Nf3 Nc6 3. Nc3 g6 4. d4 cxd4 5. Nxd4 Bg7 6. Be3 Nf6 7. Be2 0-0 8. f4 d6 9. Nb3 a6 10. Bf3 Be6 11. g4 Rc8 12. h4 Nb4 13. Rh2 Qc7 14. Nd4 Bc4 15. a3 Nc6 16. Nxc6 bxc6 17. h5 Rfd8 18. hxg6 fxg6 19. g5 Nd7 20. Kf2 Rb8 21. Rb1 Nf8 22. Qh1 Qb7 23. Na4 Qc7 24. f5 Qa5 25. b3 Bf7 26. fxg6 Bxg6 27. Bh5 Qe5 28. Bxg6 hxg6 29. Rh6 d5 30. exd5 cxd5 31. c3 Qf5+ 32. Ke2 Qc2+ 33. Bd2 Rxb3 34. Rc1 Qe4+ 35. Qxe4 dxe4 36. Rh4 Rxa3 37. Rxe4 Ra2 38. Rd1 Rd5 39. Ke3 Rxg5 40. Bc1 Rh5 41. Kf3 Rf5+ 42. Kg4 Nh7 43. Rxe7 Rxa4+ 0-1

[Event "Kharkov Rector Cup (Women) 10th"]
[Site "Kharkov"]
[Date "2008.02.28"]
[Round "2"]
[White "Vozovic, Oksana"]
[Black "Borisova, Elizaveta"]
[Result "1-0"]
[WhiteElo "2327"]
[BlackElo "2305"]
[PlyCount "81"]
[EventDate "2008.02.27"]
[EventType "tourn"]
[EventRounds "9"]
[EventCountry "UKR"]
[SourceTitle "CBM 123 Extra"]
[Source "ChessBase"]
[SourceDate "2008.05.06"]
[SourceVersion "1"]
[SourceVersionDate "2008.05.06"]
[SourceQuality "1"]

1. Nf3 c5 2. c4 Nf6 3. g3 b6 4. Bg2 Bb7 5. 0-0 e6 6. b3 d6 7. Bb2 Nbd7 8. Nc3 a6 9. e3 Be7 10. Nh4 Bxg2 11. Nxg2 Rb8 12. g4 h6 13. f4 Qc7 14. Qf3 b5 15. d3 Qb7 16. Qg3 d5 17. cxd5 exd5 18. e4 d4 19. Ne2 Rd8 20. b4 c4 21. Nxd4 Bxb4 22. e5 c3 23. exf6 Nxf6 24. Rae1+ Kf8 25. Nc2 cxb2 26. Nxb4 a5 27. Nc2 Qd5 28. d4 Qxa2 29. g5 Nd5 30. f5 hxg5 31. Qxg5 f6 32. Qg3 b4 33. Nh4 Rh6 34. Ng6+ Kf7 35. Ne3 b1Q 36. Rxb1 Rh5 37. Ne5+ fxe5 38. Nxd5 Rh6 39. Ne3 Rxd4 40. Rbc1 Rhd6 41. Rc7+ 1-0

[Event "UKR-ch (Women)"]
[Site "Poltava"]
[Date "2007.12.10"]
[Round "5"]
[White "Vozovic, Oksana"]
[Black "Gritsayeva, Oksana"]
[Result "1-0"]
[WhiteElo "2355"]
[BlackElo "2264"]
[PlyCount "71"]
[EventDate "2007.12.06"]
[EventType "tourn"]
[EventRounds "11"]
[EventCountry "UKR"]
[EventCategory "2"]
[SourceTitle "CBM 121 Extra"]
[Source "ChessBase"]
[SourceDate "2008.01.10"]
[SourceVersion "1"]
[SourceVersionDate "2008.01.10"]
[SourceQuality "1"]

1. e4 c5 2. Nc3 Nc6 3. Nf3 e5 4. Bc4 Be7 5. d3 Nf6 6. Nd2 d6 7. Nf1 Bg4 8. f3 Be6 9. Ne3 0-0 10. 0-0 Nh5 11. g3 g6 12. f4 Bh3 13. Ng2 exf4 14. gxf4 Bf6 15. Nd5 Bg7 16. Be3 Qd7 17. f5 Rfe8 18. Ngf4 Bxf1 19. Nxh5 gxh5 20. Qxh5 Ne5 21. Bh6 Be2 22. Qxe2 Kh8 23. Bxg7+ Kxg7 24. Kh1 Qd8 25. Rf1 Kh8 26. Qh5 Rg8 27. f6 Qd7 28. Rf5 b5 29. Ne7 Ng4 30. Nxg8 bxc4 31. Ne7 Nxf6 32. Rxf6 Rf8 33. Ng6+ fxg6 34. Rxf8+ Kg7 35. Qf3 cxd3 36. cxd3 1-0

[Event "UKR-ch (Women)"]
[Site "Poltava"]
[Date "2007.12.09"]
[Round "4"]
[White "Rudakova, Zhanetta"]
[Black "Vozovic, Oksana"]
[Result "1-0"]
[WhiteElo "2025"]
[BlackElo "2355"]
[PlyCount "137"]
[EventDate "2007.12.06"]
[EventType "tourn"]
[EventRounds "11"]
[EventCountry "UKR"]
[EventCategory "2"]
[SourceTitle "CBM 121 Extra"]
[Source "ChessBase"]
[SourceDate "2008.01.10"]
[SourceVersion "1"]
[SourceVersionDate "2008.01.10"]
[SourceQuality "1"]

1. e4 c5 2. Nf3 d6 3. c3 Nf6 4. Bb5+ Bd7 5. Bxd7+ Qxd7 6. d3 Nc6 7. h3 g6 8. Be3 Bg7 9. Nbd2 0-0 10. 0-0 e5 11. Rb1 b5 12. Qe2 Nh5 13. Rfe1 h6 14. Nh4 Nf4 15. Qf1 Ne6 16. g3 d5 17. Nb3 d4 18. Bd2 dxc3 19. bxc3 b4 20. Nf3 Rfd8 21. Nc1 a5 22. Rd1 Kh7 23. Ne1 bxc3 24. Bxc3 f5 25. Ne2 fxe4 26. dxe4 Ned4 27. Nxd4 exd4 28. Bd2 Qe6 29. Qg2 c4 30. Rb6 Rdb8 31. Rdb1 c3 32. Bf4 Rxb6 33. Rxb6 Rc8 34. a3 Qe7 35. Nd3 c2 36. e5 Nd8 37. Qe4 Ne6 38. Bc1 Qf7 39. h4 h5 40. Qd5 Re8 41. Nf4 Nd8 42. e6 Qc7 43. Rd6 Qc3 44. Kg2 Qe1 45. Nd3 Qe2 46. Rxd8 Rxd8 47. Qxd8 Qxe6 48. Nf4 Qe4+ 49. Kh2 Qe1 50. Qg5 Qxf2+ 51. Ng2 d3 52. Qxa5 Bd4 53. Qc7+ Kg8 54. Qd8+ Kg7 55. Qe7+ Kg8 56. Qe1 Qf5 57. Nf4 Bf6 58. Qe3 Be5 59. Qxd3 Kf7 60. Qxf5+ gxf5 61. Nxh5 Bc3 62. Nf4 Ke8 63. Kg2 Kd7 64. Kf3 Kc6 65. Ke3 Be1 66. Ne2 f4+ 67. Kxf4 Kd5 68. Ke3 Kc4 69. Bd2 1-0

[Event "UKR-ch (Women)"]
[Site "Poltava"]
[Date "2007.12.07"]
[Round "2"]
[White "Goreskul, Alyona"]
[Black "Vozovic, Oksana"]
[Result "0-1"]
[WhiteElo "2291"]
[BlackElo "2355"]
[PlyCount "58"]
[EventDate "2007.12.06"]
[EventType "tourn"]
[EventRounds "11"]
[EventCountry "UKR"]
[EventCategory "2"]
[SourceTitle "CBM 121 Extra"]
[Source "ChessBase"]
[SourceDate "2008.01.10"]
[SourceVersion "1"]
[SourceVersionDate "2008.01.10"]
[SourceQuality "1"]

1. e4 d5 2. exd5 Nf6 3. d4 Bg4 4. Be2 Bxe2 5. Qxe2 Qxd5 6. Nf3 Nc6 7. c3 e6 8. Bf4 Bd6 9. Bxd6 cxd6 10. 0-0 0-0 11. Na3 Rfc8 12. Rfc1 Rab8 13. Nb5 a6 14. c4 Qe4 15. Qxe4 Nxe4 16. Nc3 Nf6 17. Ne2 h6 18. Nd2 g5 19. f3 Kf8 20. Kf2 Ke7 21. Rc3 b5 22. c5 dxc5 23. Rxc5 Nb4 24. Rc3 Nfd5 25. Rb3 Rc2 26. a3 Rxd2 27. axb4 Rc8 28. Kf1 Rcc2 29. Re1 f5 0-1

[Event "Kharkov op"]
[Site "Kharkov"]
[Date "2007.10.24"]
[Round "5"]
[White "Maiko, Alina"]
[Black "Vozovic, Oksana"]
[Result "0-1"]
[WhiteElo "2065"]
[BlackElo "2355"]
[PlyCount "116"]
[EventDate "2007.10.21"]
[EventType "swiss"]
[EventRounds "11"]
[EventCountry "UKR"]
[SourceTitle "EXT 2009"]
[Source "ChessBase"]
[SourceDate "2008.11.26"]
[SourceVersion "1"]
[SourceVersionDate "2008.11.26"]
[SourceQuality "1"]

1. d4 d5 2. c4 Nc6 3. Nf3 Bg4 4. e3 e5 5. dxe5 Bb4+ 6. Bd2 Bxd2+ 7. Qxd2 dxc4 8. Bxc4 Bxf3 9. gxf3 Nxe5 10. Qxd8+ Rxd8 11. Be2 Nf6 12. Nc3 Ke7 13. Rg1 g6 14. Rg5 Ned7 15. Rd1 c6 16. Rd4 b6 17. f4 h6 18. Rg1 Nc5 19. Rd1 Rxd1+ 20. Kxd1 Rd8+ 21. Kc1 Nd3+ 22. Bxd3 Rxd3 23. Kc2 Rd8 24. f3 Nd5 25. Nxd5+ Rxd5 26. Rg2 Rh5 27. Kd3 Kd6 28. e4 Ra5 29. a3 Rb5 30. Kc3 a5 31. Rd2+ Ke6 32. b3 Rc5+ 33. Kd3 b5 34. Rc2 Kd6 35. Rc3 Rh5 36. Rc2 g5 37. fxg5 hxg5 38. Kd4 f6 39. b4 a4 40. Rd2 Rh3 41. Rf2 Rh4 42. Rd2 Rh7 43. Re2 Rh4 44. Rd2 f5 45. Ke3+ Ke5 46. exf5 Rc4 47. f6 Kxf6 48. Rd3 Ke5 49. Rd8 Rc3+ 50. Rd3 Rb3 51. Ke2 Rb2+ 52. Ke3 Rxh2 53. Rc3 Ra2 54. Rc5+ Kd6 55. Rc3 Rb2 56. f4 Rb3 57. Rd3+ Rxd3+ 58. Kxd3 gxf4 0-1

[Event "Kharkov op"]
[Site "Kharkov"]
[Date "2007.10.24"]
[Round "4"]
[White "Vozovic, Oksana"]
[Black "Bulmaga, Irina"]
[Result "1/2-1/2"]
[WhiteElo "2355"]
[BlackElo "2176"]
[PlyCount "25"]
[EventDate "2007.10.21"]
[EventType "swiss"]
[EventRounds "11"]
[EventCountry "UKR"]
[SourceTitle "EXT 2009"]
[Source "ChessBase"]
[SourceDate "2008.11.26"]
[SourceVersion "1"]
[SourceVersionDate "2008.11.26"]
[SourceQuality "1"]

1. e4 e5 2. Nc3 Nf6 3. f4 d5 4. fxe5 Nxe4 5. Nf3 Bc5 6. d4 Bb4 7. Bd2 Bxc3 8. bxc3 0-0 9. Bd3 Bg4 10. Rb1 f6 11. 0-0 fxe5 12. dxe5 Nc6 13. Rxb7 1/2-1/2

[Event "Kharkov op"]
[Site "Kharkov"]
[Date "2007.10.22"]
[Round "2"]
[White "Vozovic, Oksana"]
[Black "Karlovich, Anastazia"]
[Result "1-0"]
[WhiteElo "2355"]
[BlackElo "2244"]
[PlyCount "91"]
[EventDate "2007.10.21"]
[EventType "swiss"]
[EventRounds "11"]
[EventCountry "UKR"]
[SourceTitle "EXT 2009"]
[Source "ChessBase"]
[SourceDate "2008.11.26"]
[SourceVersion "1"]
[SourceVersionDate "2008.11.26"]
[SourceQuality "1"]

1. Nf3 d5 2. d4 Bf5 3. Bf4 e6 4. e3 c6 5. Be2 Be7 6. h3 Nd7 7. 0-0 h6 8. Nbd2 Ngf6 9. c4 0-0 10. Qb3 Qb6 11. c5 Qxb3 12. axb3 Ne4 13. b4 Nxd2 14. Nxd2 a6 15. Nb3 f6 16. Na5 e5 17. Bh2 Rfb8 18. dxe5 fxe5 19. f4 e4 20. g4 Bh7 21. f5 Bg5 22. Ra3 Bf6 23. Bxb8 Rxb8 24. Bxa6 d4 25. Bxb7 dxe3 26. Kg2 e2 27. Re1 Bxb2 28. Rb3 Bf6 29. Bxc6 Ne5 30. Bxe4 Kf8 31. Rxe2 Bg8 32. Rb1 h5 33. c6 hxg4 34. hxg4 Nxg4 35. c7 Rc8 36. Rc1 Bg5 37. Rc5 Be7 38. Bb7 Bxc5 39. Bxc8 Bd6 40. Be6 Bxc7 41. Nc4 Nh6 42. Bxg8 Nxg8 43. b5 Ne7 44. b6 Bb8 45. Ne5 Bd6 46. Ng6+ 1-0

[Event "Istanbul op"]
[Site "Istanbul"]
[Date "2007.09.02"]
[Round "4"]
[White "Vozovic, Oksana"]
[Black "Savchenko, Stanislav"]
[Result "0-1"]
[WhiteElo "2355"]
[BlackElo "2571"]
[PlyCount "98"]
[EventDate "2007.08.29"]
[EventType "swiss"]
[EventRounds "9"]
[EventCountry "TUR"]
[SourceTitle "CBM 120 Extra"]
[Source "ChessBase"]
[SourceDate "2007.11.01"]
[SourceVersion "1"]
[SourceVersionDate "2007.11.01"]
[SourceQuality "1"]

1. e4 c5 2. Nf3 d6 3. d4 cxd4 4. Nxd4 Nf6 5. Nc3 a6 6. Bd3 Nc6 7. Nb3 g6 8. 0-0 Bg7 9. Bg5 h6 10. Bh4 0-0 11. f4 b5 12. Qe2 Bb7 13. Rad1 b4 14. Nd5 e6 15. Ne3 Qc7 16. f5 Ne5 17. Bxf6 Bxf6 18. Ng4 Nxg4 19. Qxg4 exf5 20. exf5 Qb6+ 21. Kh1 g5 22. Nd2 Rae8 23. a3 bxa3 24. bxa3 Qc6 25. Rf3 Qc3 26. h4 Qd4 27. Rg3 Kg7 28. Qxd4 Bxd4 29. Rg4 Bc5 30. Be4 d5 31. Bf3 Bc8 32. Nb3 Ba7 33. Rxd5 Re1+ 34. Kh2 Bb8+ 35. g3 Bb7 36. Rd3 Bxf3 37. Rxf3 Rfe8 38. Kg2 R8e2+ 39. Rf2 Ba7 40. Rxe2 Rxe2+ 41. Kh3 Bg1 42. Ra4 h5 43. g4 Rh2+ 44. Kg3 gxh4+ 45. Kf4 Rf2+ 46. Kg5 h3 47. gxh5 Rg2+ 48. Kh4 h2 49. h6+ Kh7 0-1

[Event "EU-ch (Women) 8th"]
[Site "Dresden"]
[Date "2007.04.11"]
[Round "8"]
[White "Khurtsidze, Nino"]
[Black "Vozovic, Oksana"]
[Result "1-0"]
[WhiteElo "2451"]
[BlackElo "2323"]
[PlyCount "101"]
[EventDate "2007.04.03"]
[EventType "swiss"]
[EventRounds "11"]
[EventCountry "GER"]
[SourceTitle "CBM 117 Extra"]
[Source "ChessBase"]
[SourceDate "2007.05.09"]
[SourceVersion "1"]
[SourceVersionDate "2007.05.09"]
[SourceQuality "1"]

1. d4 g6 2. c4 Bg7 3. Nf3 d6 4. Nc3 Bg4 5. e3 Bxf3 6. Qxf3 Nc6 7. d5 Ne5 8. Qd1 Nf6 9. Be2 0-0 10. 0-0 c6 11. e4 Rc8 12. Qb3 Qc7 13. Be3 a6 14. Rac1 Qb8 15. h3 Ned7 16. Qc2 cxd5 17. exd5 b5 18. cxb5 axb5 19. Qb3 b4 20. Na4 Qb7 21. Rxc8 Rxc8 22. Rd1 Ne4 23. a3 Ndc5 24. Nxc5 dxc5 25. Rc1 Nd6 26. Rxc5 Rb8 27. a4 Qd7 28. Bg4 f5 29. Bf3 Be5 30. Rc6 Qd8 31. Ba7 Rb7 32. Bc5 Kg7 33. Be2 Qa5 34. Be3 f4 35. Bd2 Nf5 36. Ra6 Qc5 37. Bb5 Nd4 38. Qxb4 Qxb4 39. Bxb4 Nxb5 40. axb5 Rxb5 41. Bxe7 Rxd5 42. b4 Rd1+ 43. Kh2 f3+ 44. g3 Rd3 45. Ra7 Kg8 46. Bc5 g5 47. Re7 Rd5 48. Re8+ Kg7 49. Rxe5 Rxe5 50. Bd4 Kf6 51. g4 1-0

[Event "EU-ch (Women) 8th"]
[Site "Dresden"]
[Date "2007.04.08"]
[Round "6"]
[White "Paehtz, Elisabeth"]
[Black "Vozovic, Oksana"]
[Result "1-0"]
[WhiteElo "2451"]
[BlackElo "2323"]
[PlyCount "51"]
[EventDate "2007.04.03"]
[EventType "swiss"]
[EventRounds "11"]
[EventCountry "GER"]
[SourceTitle "CBM 117 Extra"]
[Source "ChessBase"]
[SourceDate "2007.05.09"]
[SourceVersion "1"]
[SourceVersionDate "2007.05.09"]
[SourceQuality "1"]

1. e4 Nc6 2. Nf3 e5 3. Bc4 Bc5 4. c3 Nf6 5. Qe2 d6 6. d3 a6 7. Bb3 Be6 8. Bc2 Ba7 9. h3 h6 10. Nbd2 0-0 11. Nf1 Ne7 12. g4 Ng6 13. Ng3 d5 14. Nf5 dxe4 15. dxe4 Nf4 16. Bxf4 exf4 17. e5 Bxf5 18. gxf5 Re8 19. Rg1 Qd5 20. Kf1 Kh8 21. Bb3 Qd7 22. Qc4 b5 23. Qxf7 Qd3+ 24. Kg2 Rf8 25. Qg6 Qe2 26. Kh2 1-0

[Event "EU-ch (Women) 8th"]
[Site "Dresden"]
[Date "2007.04.07"]
[Round "5"]
[White "Vozovic, Oksana"]
[Black "Arakhamia Grant, Ketevan"]
[Result "1/2-1/2"]
[WhiteElo "2323"]
[BlackElo "2437"]
[PlyCount "122"]
[EventDate "2007.04.03"]
[EventType "swiss"]
[EventRounds "11"]
[EventCountry "GER"]
[SourceTitle "CBM 117 Extra"]
[Source "ChessBase"]
[SourceDate "2007.05.09"]
[SourceVersion "1"]
[SourceVersionDate "2007.05.09"]
[SourceQuality "1"]

1. e4 c5 2. Nf3 Nc6 3. Nc3 e6 4. d4 cxd4 5. Nxd4 d6 6. Be2 Nf6 7. Be3 Be7 8. 0-0 0-0 9. Kh1 Bd7 10. f4 Nxd4 11. Bxd4 Bc6 12. Bd3 d5 13. Bxf6 Bxf6 14. e5 Be7 15. f5 exf5 16. Rxf5 g6 17. Rf1 d4 18. Ne4 Qd5 19. Qd2 Qxe5 20. Rae1 Qd5 21. b3 b5 22. a4 a6 23. axb5 axb5 24. Nf6+ Bxf6 25. Rxf6 Rae8 26. Ref1 Re6 27. R6f4 f5 28. Qf2 Re3 29. h4 Qe5 30. Kg1 Kg7 31. h5 Qf6 32. h6+ Kxh6 33. Qh4+ Kg7 34. Qxf6+ Rxf6 35. Rxd4 Rg3 36. Rf2 h5 37. Kh2 Re3 38. c4 bxc4 39. Bxc4 g5 40. Rd8 Re8 41. Rfd2 f4 42. b4 Rxd8 43. Rxd8 g4 44. b5 Be4 45. Rd4 Bg6 46. b6 Rxb6 47. Rxf4 Rb4 48. Kg3 Kh6 49. Kh4 Bd3 50. Rf6+ Kg7 51. Rf7+ Kg6 52. Bd5 Rb1 53. Rf8 Rh1+ 54. Kg3 Kg5 55. Rg8+ Kf5 56. Rf8+ Ke5 57. Bb7 Bb5 58. Bc8 Bc6 59. Rh8 h4+ 60. Rxh4 Rxh4 61. Kxh4 Bxg2 1/2-1/2

[Event "EU-ch (Women) 8th"]
[Site "Dresden"]
[Date "2007.04.06"]
[Round "4"]
[White "Vozovic, Oksana"]
[Black "Mira, Helene"]
[Result "1-0"]
[WhiteElo "2323"]
[BlackElo "2150"]
[PlyCount "96"]
[EventDate "2007.04.03"]
[EventType "swiss"]
[EventRounds "11"]
[EventCountry "GER"]
[SourceTitle "CBM 117 Extra"]
[Source "ChessBase"]
[SourceDate "2007.05.09"]
[SourceVersion "1"]
[SourceVersionDate "2007.05.09"]
[SourceQuality "1"]

1. e4 e5 2. Nf3 Nc6 3. Nc3 Nf6 4. Bb5 Bb4 5. 0-0 0-0 6. d3 Bxc3 7. bxc3 d5 8. exd5 Nxd5 9. Bd2 Bg4 10. h3 Bxf3 11. Qxf3 Qd6 12. a4 a6 13. Bc4 Nb6 14. Bb3 Na5 15. Rfb1 Rab8 16. c4 Nxb3 17. Rxb3 Nxc4 18. Bb4 c5 19. Be1 Nb6 20. Rab1 Nd7 21. Rxb7 Rxb7 22. Qxb7 g6 23. Qa7 Qc6 24. Rb7 Nf6 25. Rb6 Qd7 26. Qxa6 Nh5 27. Bc3 Qd5 28. Qb7 Qa2 29. Qe7 Qxc2 30. Qxe5 f6 31. Qe6+ Kg7 32. Rb7+ Kh6 33. Qe3+ g5 34. Bd2 Rg8 35. a5 Nf4 36. a6 Qxd3 37. Qxd3 Nxd3 38. a7 Ra8 39. Ba5 c4 40. Bb6 c3 41. Rc7 Nf4 42. Rc5 Kg6 43. f3 Nxh3+ 44. Kf1 g4 45. Rxc3 Ng5 46. Rd3 Nf7 47. Rd7 Rc8 48. Rd5 Rc7 1-0

[Event "EU-ch (Women) 8th"]
[Site "Dresden"]
[Date "2007.04.05"]
[Round "3"]
[White "Danielian, Elina"]
[Black "Vozovic, Oksana"]
[Result "1-0"]
[WhiteElo "2426"]
[BlackElo "2323"]
[PlyCount "133"]
[EventDate "2007.04.03"]
[EventType "swiss"]
[EventRounds "11"]
[EventCountry "GER"]
[SourceTitle "CBM 117 Extra"]
[Source "ChessBase"]
[SourceDate "2007.05.09"]
[SourceVersion "1"]
[SourceVersionDate "2007.05.09"]
[SourceQuality "1"]

1. d4 g6 2. Nf3 Bg7 3. g3 d6 4. Bg2 e5 5. c4 Nd7 6. Nc3 Nh6 7. 0-0 0-0 8. dxe5 dxe5 9. Qc2 c6 10. Rd1 Qe7 11. Ne4 f5 12. Nd6 e4 13. Ng5 Nc5 14. Bf4 Be6 15. b4 Bxa1 16. Rxa1 Nd7 17. Nxb7 Nf7 18. Nxf7 Rxf7 19. Rd1 Qxb4 20. Nd6 Rff8 21. Bh6 Rfb8 22. Bxe4 fxe4 23. Qxe4 Re8 24. Nxe8 Rxe8 25. Qxc6 Qc5 26. Qxc5 Nxc5 27. Be3 Rc8 28. f3 a5 29. Kf2 Kf7 30. Rb1 Bxc4 31. Rc1 Ne6 32. a4 Rc6 33. Bd2 Nd4 34. Be3 Nb3 35. Rd1 Ke6 36. Rd8 Ba6 37. Rb8 Bc4 38. g4 Kd5 39. Rb7 Nc5 40. Rxh7 Nxa4 41. Ra7 Ba6 42. Bd2 Nc5 43. Bxa5 Re6 44. e4+ Kd4 45. Bd2 Kd3 46. Bb4 Nb7 47. h4 Kc4 48. Bd2 Nc5 49. h5 gxh5 50. gxh5 Kd3 51. Bg5 Bb7 52. Kg3 Re8 53. h6 Rg8 54. Kh4 Ke2 55. Bf6 Rg1 56. Ra1 Rg6 57. Bg7 Kxf3 58. h7 Rg4+ 59. Kh5 Rxg7 60. h8Q Ne6 61. Ra3+ Kxe4 62. Ra4+ Kf5 63. Ra5+ Kf6 64. Qh6+ Ke7 65. Re5 Bf3+ 66. Kh4 Rg4+ 67. Kh3 1-0

[Event "EU-ch (Women) 8th"]
[Site "Dresden"]
[Date "2007.04.04"]
[Round "2"]
[White "Vozovic, Oksana"]
[Black "Srebrnic, Ana"]
[Result "1-0"]
[WhiteElo "2323"]
[BlackElo "2245"]
[PlyCount "140"]
[EventDate "2007.04.03"]
[EventType "swiss"]
[EventRounds "11"]
[EventCountry "GER"]
[SourceTitle "CBM 117 Extra"]
[Source "ChessBase"]
[SourceDate "2007.05.09"]
[SourceVersion "1"]
[SourceVersionDate "2007.05.09"]
[SourceQuality "1"]

1. d4 Nf6 2. e3 g6 3. Bd3 Bg7 4. f4 0-0 5. Nf3 d6 6. 0-0 c5 7. Qe1 Nc6 8. f5 Bxf5 9. Bxf5 gxf5 10. Nc3 Ne4 11. Ne2 d5 12. c3 e6 13. Nf4 Ne7 14. Nh5 Bh8 15. Kh1 Ng6 16. Bd2 Rc8 17. Qe2 h6 18. Rg1 Kh7 19. Raf1 Qe7 20. Be1 a6 21. g4 fxg4 22. Rxg4 f5 23. Rg2 Rg8 24. Rfg1 Bf6 25. Qf1 Bg5 26. Re2 b5 27. Qh3 Nf8 28. Reg2 Nd7 29. Bh4 Bxh4 30. Nxh4 Ng5 31. Qg3 Nf6 32. Nf4 Nfe4 33. Qe1 cxd4 34. exd4 Qd6 35. Qe3 a5 36. Nf3 Nxf3 37. Qxf3 Qe7 38. Rxg8 Rxg8 39. Rxg8 Kxg8 40. Qg2+ Qg7 41. Nxe6 Qxg2+ 42. Kxg2 b4 43. cxb4 axb4 44. Nc7 Nc3 45. Kf3 Nxa2 46. Nxd5 Kf7 47. Ke3 b3 48. Kd3 Nc1+ 49. Kd2 Na2 50. Nf4 Ke7 51. Kd3 Nc1+ 52. Kc4 Kd6 53. h4 Kc6 54. h5 Kd6 55. Kb5 Na2 56. Ka4 Nc1 57. Ka3 Kc6 58. Kb4 Kd6 59. Kc4 Kc6 60. d5+ Kc7 61. Kc5 Kd7 62. d6 Na2 63. Nd3 f4 64. Kd5 Kd8 65. Ke6 f3 66. d7 f2 67. Nxf2 Nb4 68. Ng4 Na6 69. Ne5 Nc5+ 70. Kd6 Nb7+ 1-0

[Event "Kharkov Rector Cup (Women) 9th"]
[Site "Kharkov"]
[Date "2007.03.21"]
[Round "4"]
[White "Karlovich, Anastazia"]
[Black "Vozovic, Oksana"]
[Result "1/2-1/2"]
[WhiteElo "2265"]
[BlackElo "2323"]
[PlyCount "34"]
[EventDate "2007.03.18"]
[EventType "tourn"]
[EventRounds "11"]
[EventCountry "UKR"]
[SourceTitle "CBM 117 Extra"]
[Source "ChessBase"]
[SourceDate "2007.05.09"]
[SourceVersion "1"]
[SourceVersionDate "2007.05.09"]
[SourceQuality "1"]

1. e4 d5 2. exd5 Nf6 3. d4 Nxd5 4. c4 Nb6 5. Nf3 g6 6. Nc3 Bg7 7. Be3 0-0 8. h3 Nc6 9. Be2 e5 10. d5 Ne7 11. 0-0 Nf5 12. Bg5 f6 13. Bc1 c5 14. Ne4 Nd7 15. b4 cxb4 16. a3 Nd4 17. Nxd4 exd4 1/2-1/2

[Event "UKR-ch (Women) 75th"]
[Site "Odessa"]
[Date "2006.12.04"]
[Round "9"]
[White "Muzychuk, Mariya"]
[Black "Vozovic, Oksana"]
[Result "1/2-1/2"]
[WhiteElo "2278"]
[BlackElo "2352"]
[PlyCount "36"]
[EventDate "2006.11.24"]
[EventType "tourn"]
[EventRounds "11"]
[EventCountry "UKR"]
[EventCategory "4"]
[SourceTitle "CBM 115 Extra"]
[Source "ChessBase"]
[SourceDate "2007.01.10"]
[SourceVersion "1"]
[SourceVersionDate "2007.01.10"]
[SourceQuality "1"]

1. e4 g6 2. Nc3 Bg7 3. f4 c6 4. Nf3 d5 5. e5 Bg4 6. h3 Bxf3 7. Qxf3 e6 8. d4 h5 9. g3 Ne7 10. Be3 Nd7 11. Bg2 Qb6 12. 0-0-0 Qa5 13. Kb1 0-0-0 14. Ne2 Kb8 15. Bf2 Rc8 16. g4 c5 17. c3 cxd4 18. Nxd4 Nc6 1/2-1/2

[Event "UKR-ch (Women) 75th"]
[Site "Odessa"]
[Date "2006.12.03"]
[Round "8"]
[White "Vozovic, Oksana"]
[Black "Gaponenko, Inna"]
[Result "1/2-1/2"]
[WhiteElo "2352"]
[BlackElo "2448"]
[PlyCount "74"]
[EventDate "2006.11.24"]
[EventType "tourn"]
[EventRounds "11"]
[EventCountry "UKR"]
[EventCategory "4"]
[SourceTitle "CBM 115 Extra"]
[Source "ChessBase"]
[SourceDate "2007.01.10"]
[SourceVersion "1"]
[SourceVersionDate "2007.01.10"]
[SourceQuality "1"]

1. Nf3 d5 2. g3 Nf6 3. Bg2 e6 4. 0-0 Be7 5. c4 dxc4 6. Qa4+ Nbd7 7. Qxc4 a6 8. Qc2 c5 9. d4 0-0 10. Nc3 Ra7 11. Rd1 b5 12. d5 exd5 13. Nxd5 Nxd5 14. Rxd5 Qb6 15. Be3 Rc7 16. Bf4 Ra7 17. Ng5 Nf6 18. Be5 g6 19. Rd2 Ng4 20. Bf4 c4 21. e3 Bb4 22. Rdd1 Re8 23. h3 Ne5 24. Bxe5 Rxe5 25. Nf3 Bf5 26. Qc1 Re8 27. Nd4 Be4 28. Bxe4 Rxe4 29. a4 Bc5 30. axb5 Bxd4 31. Rxd4 Rxd4 32. exd4 axb5 33. Rxa7 Qxa7 34. Qe3 Qa1+ 35. Kg2 Qxb2 36. Qe8+ Kg7 37. Qe5+ Kg8 1/2-1/2